A history of mathematics /

Guardado en:
Autor Principal: Boyer, Carl B. 1906-1976.
Formato: Libro
Idioma:English
Publicado: New York : Wiley, c1968.
Materias:
Etiquetas: Agregar Etiqueta
Sin Etiquetas, Sea el primero en etiquetar este registro!
LEADER 01427cam a22002295a 4500
001 MAT.inmabb002996
008 700914s1968####nyuac####b####001#0#eng##
005 20130626163847.0
245 1 2 |a A history of mathematics /  |c Carl B. Boyer. 
260 |a New York :  |b Wiley,  |c c1968. 
300 |a xv, 717 p. :  |b il., retrs. ;  |c 24 cm. 
504 |a Incluye referencias bibliográficas e índice. 
505 8 |a Primitive origins -- Egypt -- Mesopotamia -- Ionia and the Pythagoreans -- The heroic age -- The age of Plato and Aristotle -- Euclid of Alexandria -- Archimedes of Syracuse -- Apollonius of Perga -- Greek trigonometry and mensuration -- Revival and decline of Greek mathematics -- China and India -- The Arabic hegemony -- Europe in the Middle Ages -- The Renaissance -- Prelude to modern mathematics -- The time of Fermat and Descartes -- A transitional period -- Newton and Leibniz -- The Bernoulli era -- The age of Euler -- Mathematicians of the French Revolution -- The time of Gauss and Cauchy -- The heroic age in geometry -- The arithmetization of analysis -- The rise of abstract algebra -- Aspects of the twentieth century. 
510 4 |a MR,  |c 38 #3105 
020 |a 0471093742 
100 1 |a Boyer, Carl B.  |q (Carl Benjamin),  |d 1906-1976. 
084 |a 01-01  |2 MR 
084 |a 01A05  |2 msc2000 
650 0 |a Mathematics  |x History. 
010 |a  68016506  
040 |a DLC  |c DLC  |d DLC 
859 |h 01  |i B791  |p A-5688  |b BIB. MATEMATICA